|
|
|
|
| LEADER |
00000cam a2200000 7i4500 |
| 001 |
0000008481 |
| 002 |
000009241 |
| 005 |
20000330.0 |
| 020 |
|
|
|a 1899632018
|
| 090 |
0 |
0 |
|a 500
|b SNE
|
| 100 |
1 |
|
|a Snedden, Robert
|
| 245 |
1 |
0 |
|a Elektrik
|c Robert Snedden
|
| 300 |
|
|
|a 48 p. :
|b ill. ;
|c 28 cm.
|
| 490 |
0 |
|
|a Penemuan Sains
|
| 650 |
0 |
0 |
|a Electricity
|x Juvenile literature
|
| 999 |
|
|
|a 042561
|b BUKU
|c JUNIOR BOOKS
|e PERPUSTAKAAN KOMUNITI PETALING JAYA
|
| 999 |
|
|
|a 045529
|b BUKU
|c JUNIOR BOOKS
|e PERPUSTAKAAN KOMUNITI CAW KOTA DAMANSARA
|
| 999 |
|
|
|a 067133
|b BUKU
|c JUNIOR BOOKS
|e PERPUSTAKAAN KOMUNITI PETALING JAYA
|